000 01062nam a2200241 a 4500
001 39718
003 BD-RjUL
005 20211209053038.0
008 160417s2013 bg a|||| b||| 001 0 ben d
020 _a9789845061704
_c: Tk.300.00
035 _a(BD-RjUL)39831
040 _aBD-RjUL
_bben
_cBD-RjUL
041 _aben
082 _223
_aB 954.9205092
_bRAB 2013
100 _aরশিদ, হারুন-অর.
_9122337
245 _aবঙ্গবন্ধুর অসমাপ্ত আত্মজীবনী পূণর্পাঠ /
_cহারুন-অর-রাশিদ
260 _aঢাকা :
_bদি ইউনিভার্সিটি প্রেস লিমিটেড,
_c২০১৩.
300 _axii, ১৭২ পৃ. :
_bচিত্র ;
_c২২ সেমি.
504 _aতথ্যপঞ্জি ও নির্ঘন্ট সংযুক্ত
600 _aরহমান, শেখ মুজিবুর.
_xজীবনী
_9221619
600 _a Rahman, Sheikh Mujibur
_xBiography
_9221620
942 _2ddc
_cBK
_09
999 _c39718
_d39718